| 000 | 00666nam a2200217Ia 4500 | ||
|---|---|---|---|
| 003 | OSt | ||
| 005 | 20250604101112.0 | ||
| 008 | 220923b |||||||| |||| 00| 0 eng d | ||
| 037 | _cReference | ||
| 040 |
_aRTL _cRTL _beng |
||
| 041 |
_2eng _aeng |
||
| 084 |
_aBxM84 Jo.1/SC _qRTL |
||
| 100 |
_aBirkhoff George David _9316872 |
||
| 245 | 0 | _aCollective mathematical papers | |
| 260 |
_aNew York _bDover Publications Inc. _c1950 |
||
| 300 |
_alvii, 754 p. _bIncludes bibliographical references and index |
||
| 490 | _vVol. 1 | ||
| 650 |
_aMathematical papers _9811669 |
||
| 942 |
_hBxM84, J0.1/SC _cREF _2CC _n0 |
||
| 999 |
_c623511 _d623511 |
||